Slovenská národná bibliografia Rozpisový rad Články

Gespeichert in:
Bibliographische Detailangaben
Format: Schriftenreihe
Sprache:Slowakisch
Veröffentlicht: Martin Matica slovenská 1993
Tags: Tag hinzufügen
Keine Tags, Fügen Sie das erste Tag hinzu!

MARC

LEADER 00000nas2a2200000 4500
001 s014009
005 20230322124201.1
022 |a 0231-9748 
041 0 |a slo 
044 |a SK 
245 1 0 |a Slovenská národná bibliografia  |b Rozpisový rad Články 
264 1 |a Martin  |b Matica slovenská  |c 1993 
300 |a 1 zv. 
773 0 |w eu_un_cat*s121016